00944nam a2200277 a 4500003000400000005001700004008004100021020003000062020002600092040001300118082002200131100001900153245013100172250001800303260003000321300003100351500001900382650002500401700002200426700002100448700002400469700002000493942000900513952012900522999001500651IIN20250324125734.0250324s9999 xx ado 001 0 eng d cRs.1519.00a9788131269671 a9788131269688 (eISBN) aIINbEng a612 bHAL1 aHall, John E. 1 aGuyton and Hall Textbook of Medical PhysiologycJohn E. Hall and Michael E. Hall/ edited by Mario Vaz, Anura Kurpad & Tony Raj a4rth S.A. ed. bElsevieraNew Delhic2024 axxxiii, 1146 p.bcol. ill. aIncludes Index1 aPhysiologyv Medical1 aHall, Michael E. 1 aVaz, Mario (ed.)1 aKurpad, Anura (ed.)1 aRaj, Tony (ed.) cBOOK 00102ddc40708PURCHaIINbIINcGENd2025-03-11g1519.00l0o612 HALp1786r2025-03-24 12:46:02w2025-03-24yBOOK c1681d1681